| 000 | 00489cam a2200193ua 4500 | ||
|---|---|---|---|
| 001 | 12021 | ||
| 008 | 200106n ii |||gr||||Z||||||eng | ||
| 020 | _a9788131103883 | ||
| 040 | _cMAIN | ||
| 082 | _a331.702 | ||
| 100 |
_aS.Viswanathan, _eAuthor. |
||
| 245 |
_aMAIN planning and vocational guidance _cBy S.Viswanathan |
||
| 250 | _a1st ed. | ||
| 260 |
_aNew Delhi: _bCommonwealth publishers, _c2013. |
||
| 300 | _a278p. | ||
| 653 | _aLabor economics | ||
| 653 | _aMAIN | ||
| 942 | _cBK | ||
| 999 |
_c10805 _d10805 |
||